Spoločná hmotná zodpovednosť
Zodpovednosť zamestnanca za škodu. Dohoda o hmotnej zodpovednosti. Hodnoty určené na obeh a obrat. Forma a obsah dohody o hmotnej zodpovednosti alebo dohody o spoločnej hmotnej zodpovednosti. Spoločná hmotná zodpovednosť. Zodpovednosť zamestnanca za vzniknutý schodok. Právo zamestnanca na odstúpenie...
Na minha lista:
| Autor principal: | |
|---|---|
| Formato: | Capítulo de Livro |
| Idioma: | eslovaco |
| Assuntos: | |
| Tags: |
Sem tags, seja o primeiro a adicionar uma tag!
|
MARC
| LEADER | 00000naa a2200000 4500 | ||
|---|---|---|---|
| 001 | 0162349 | ||
| 005 | 20231109103810.1 | ||
| 041 | 0 | |a slo | |
| 044 | |a SK | ||
| 245 | 1 | 0 | |a Spoločná hmotná zodpovednosť |c Jozef Toman |
| 520 | |a Zodpovednosť zamestnanca za škodu. Dohoda o hmotnej zodpovednosti. Hodnoty určené na obeh a obrat. Forma a obsah dohody o hmotnej zodpovednosti alebo dohody o spoločnej hmotnej zodpovednosti. Spoločná hmotná zodpovednosť. Zodpovednosť zamestnanca za vzniknutý schodok. Právo zamestnanca na odstúpenie od dohody o hmotnej zodpovednosti. Inventarizácia. Výpočet náhrady škody. | ||
| 610 | 2 | 0 | |a zodpovednosť hmotná |
| 610 | 2 | 0 | |a zodpovednosť za škody |
| 610 | 2 | 0 | |a zamestnanci |
| 610 | 2 | 0 | |a zamestnávatelia |
| 610 | 2 | 0 | |a náhrada škody |
| 610 | 2 | 0 | |a zákonník práce |
| 100 | 1 | |a Toman, Jozef | |